ដំណាំសណ្តែកបាយនៅស្ថានីយ៍ក្បាលកោះ (Record no. 39)
[ view plain ]
| 000 -LEADER | |
|---|---|
| fixed length control field | 00439nam a22001457a 4500 |
| 003 - CONTROL NUMBER IDENTIFIER | |
| control field | OSt |
| 005 - DATE AND TIME OF LATEST TRANSACTION | |
| control field | 20150905150425.0 |
| 008 - FIXED-LENGTH DATA ELEMENTS--GENERAL INFORMATION | |
| fixed length control field | 150905b xxu||||| |||| 00| 0 eng d |
| 040 ## - CATALOGING SOURCE | |
| Transcribing agency | RUA |
| 082 ## - DEWEY DECIMAL CLASSIFICATION NUMBER | |
| Classification number | AGR ស៊ឹម 1992 B003 Or.1 |
| 100 ## - MAIN ENTRY--PERSONAL NAME | |
| 9 (RLIN) | 41 |
| Personal name | ស៊ឹម ថាវីរៈ |
| 245 ## - TITLE STATEMENT | |
| Title | ដំណាំសណ្តែកបាយនៅស្ថានីយ៍ក្បាលកោះ |
| 300 ## - PHYSICAL DESCRIPTION | |
| Extent | 68p. |
| Other physical details | ill. |
| Dimensions | 29cm. |
| 942 ## - ADDED ENTRY ELEMENTS (KOHA) | |
| Source of classification or shelving scheme | |
| Koha item type | AGR |
| Price effective from | Date last seen | Permanent Location | Not for loan | Date acquired | Source of classification or shelving scheme | Koha item type | Lost status | Withdrawn status | Date last checked out | Total Checkouts | Shelving location | Damaged status | Barcode | Current Location | Full call number |
|---|---|---|---|---|---|---|---|---|---|---|---|---|---|---|---|
| 2015-09-05 | 2016-08-19 | Library Block B | 2015-09-05 | AGR | 2016-08-16 | 1 | B003 | RUA004531 | Library Block B | AGR ស៊ឹម 1992 B003 Or.1 | |||||
| 2015-09-05 | 2017-10-11 | Library Block B | 2015-09-05 | AGR | 2017-10-04 | 1 | B003 | RUA004604 | Library Block B | AGR ស៊ឹម 1992 B003 Or.2 | |||||
| 2015-09-05 | 2015-09-05 | Library Block B | 2015-09-05 | AGR | B003 | RUA004743 | Library Block B | AGR ស៊ឹម 1992 B003 Or.3 | |||||||
| 2015-09-05 | 2016-11-18 | Library Block B | 2015-09-05 | AGR | 2016-10-31 | 1 | B003 | RUA004955 | Library Block B | AGR ស៊ឹម 1992 B003 Or.4 | |||||
| 2015-09-05 | 2015-09-05 | Library Block B | 2015-09-05 | AGR | B003 | RUA004879 | Library Block B | AGR ស៊ឹម 1992 B003 Or.5 | |||||||
| 2015-09-05 | 2015-09-05 | Library Block B | 2015-09-05 | AGR | B003 | RUA004815 | Library Block B | AGR ស៊ឹម 1992 B003 Or.6 | |||||||
| 2015-09-05 | 2016-08-05 | Library Block B | 2015-09-05 | AGR | 2016-07-05 | 1 | B003 | RUA004883 | Library Block B | AGR ស៊ឹម 1992 B003 Or.7 | |||||
| 2015-09-05 | 2015-09-05 | Library Block B | 2015-09-05 | AGR | B003 | RUA004897 | Library Block B | AGR ស៊ឹម 1992 B003 Or.8 | |||||||
| 2015-09-05 | 2015-09-05 | Library Block B | 2015-09-05 | AGR | B003 | RUA004953 | Library Block B | AGR ស៊ឹម 1992 B003 Or.9 | |||||||
| 2015-09-05 | 2019-08-09 | Library Block B | 2015-09-05 | AGR | 2016-08-16 | 1 | RUA004959 | Library Block B | AGR ស៊ឹម 1992 B003 Or.10 |